| 000 | 01285cam a22003735a 4500 | ||
|---|---|---|---|
| 003 | EG-ScBUE | ||
| 005 | 20220125100913.0 | ||
| 008 | 130110s2014 enka f b 001 0 eng d | ||
| 020 | _a9780273787020 | ||
| 020 | _a0273787020 | ||
| 035 | _a(UkOxU)019481474 | ||
| 035 | _a(UK-WkNB)9780273787020 | ||
| 035 | _a(StEdALDL)1/2966384 | ||
| 040 |
_aUK-WkNB _beng _erda _cUK-WkNB _dUkOxU _dUk _dEG-ScBUE |
||
| 082 | 0 | 4 |
_a658 _bROB _222 |
| 100 | 1 |
_aRobbins, Stephen P., _d1943- _eauthor. _934992 |
|
| 245 | 1 | 0 |
_aManagement / _cStephen P. Robbins, San Diego State University, Mary Coulter, Missouri State University. |
| 250 |
_aTwelfth edition, _bglobal edition. |
||
| 264 | 1 |
_aHarlow, England : _bPearson Education Limited, _c2014. |
|
| 300 |
_a720 pages : _billustrations (some color) ; _c28 cm. |
||
| 336 |
_2rdacontent _atext _btxt |
||
| 337 |
_2rdamedia _aunmediated _bn |
||
| 338 |
_2rdacarrier _avolume _bnc |
||
| 490 | 0 | _aAlways learning | |
| 500 | _aPrevious edition : 2012. | ||
| 504 | _aIncludes bibliographical references and index. | ||
| 650 | 7 |
_aManagement. _2BUEsh |
|
| 651 | _2BUEsh | ||
| 653 |
_bBUSADM _cNovember2017 |
||
| 655 |
_vReading book _934232 |
||
| 700 | 1 |
_aCoulter, Mary K., _eauthor. _937616 |
|
| 942 |
_2ddc _cBB |
||
| 999 |
_c25679 _d25651 |
||